MTV Challenge: What color of their jersey? Quiz Stats

 Plays Quiz not verified by Sporcle

Score 0/24 Timer 05:00
0 Plays Today
Cast Member Answer % Correct
EvanRed
97%
Cara MariaRed
97%
LaurelRed
97%
CohuttaRed
97%
ShaneGray
94.6%
KimberlyGreen
93%
KnightGreen
93%
AshleyGreen
93%
CaseyBlue
92.2%
TheresaBlue
92.2%
LauraBlue
92.2%
NiaBlue
92.2%
Cast Member Answer % Correct
LandonBlack
90.8%
JasmineBlack
90.8%
KellyAnneBlack
90.8%
EvelynPurple
88.7%
NaomiYellow
88.7%
BrandonYellow
88.7%
AnastasiaYellow
88.7%
LaToyaPurple
88.7%
LeroyOrange
88.1%
KatelynnGray
86.3%
HaileyGray
86.3%
RachelPink
84.6%

You're not logged in!

Compare scores with friends on all Sporcle quizzes.
OR
Log In

Sporcle TV

Today on Sporcle TV


Watch our educational content, quiz creation guides, and fun videos on Sporcle TV.

Show Comments

Extras

Top Quizzes Today


Score Distribution

Your Account Isn't Verified!

In order to create a playlist on Sporcle, you need to verify the email address you used during registration. Go to your Sporcle Settings to finish the process.

Report this User

Report this user for behavior that violates our Community Guidelines.

Details: